Global Business Review (Record no. 41532)

MARC details
000 -LEADER
fixed length control field 00330nam a22001337a 4500
008 - FIXED-LENGTH DATA ELEMENTS--GENERAL INFORMATION
fixed length control field 240924b |||||||| |||| 00| 0 eng d
022 ## - INTERNATIONAL STANDARD SERIAL NUMBER
International Standard Serial Number 09721509
041 ## - LANGUAGE CODE
Language code of text/sound track or separate title Eng
245 ## - TITLE STATEMENT
Title Global Business Review
260 ## - PUBLICATION, DISTRIBUTION, ETC.
Place of publication, distribution, etc. New Dehli
Name of publisher, distributor, etc. Sage Publication
Date of publication, distribution, etc. 2024
300 ## - PHYSICAL DESCRIPTION
Extent 267 p
856 ## - ELECTRONIC LOCATION AND ACCESS
Uniform Resource Identifier <a href="journals.sagepub.com/home/gbr">journals.sagepub.com/home/gbr</a>
942 ## - ADDED ENTRY ELEMENTS (KOHA)
Koha item type Serial
Holdings
Withdrawn status Lost status Source of classification or shelving scheme Damaged status Not for loan Home library Current library Date acquired Serial Enumeration / chronology Barcode Date last seen Price effective from Koha item type Total Checkouts Source of acquisition
    Dewey Decimal Classification     IMTN IMTN 09/25/2024 Vol. 25, No. 1 P01 09/25/2024 09/25/2024 Serial    
    Dewey Decimal Classification     IMTN IMTN 09/25/2024 Vol. 25, No. 2 P02 09/25/2024 09/25/2024 Serial    
    Dewey Decimal Classification     IMTN IMTN 09/25/2024 Vol. 25, No. 3 P03 09/25/2024 09/25/2024 Serial    
    Dewey Decimal Classification     IMTN IMTN 09/25/2024 Vol. 25, No. 4 P04 09/25/2024 09/25/2024 Serial    
    Dewey Decimal Classification     IMTN IMTN 02/18/2025 Vol. 25, No. 6 P137 02/18/2025 02/18/2025 Serial    
    Dewey Decimal Classification     IMTN IMTN 04/28/2025 Vol. 25, No. 5 P94 04/28/2025 04/28/2025 Serial    
    Dewey Decimal Classification     IMTN IMTN 09/29/2025 Vol. 26, No. 1 P887 09/29/2025 09/29/2025 Serial    
    Dewey Decimal Classification     IMTN IMTN 09/29/2025 Vol. 26, No. 2 P888 09/29/2025 09/29/2025 Serial   2025-04-01
    Dewey Decimal Classification     IMTN IMTN 09/29/2025 Vol. 26, No. 3 P889 09/29/2025 09/29/2025 Serial   2025-06-01
    Dewey Decimal Classification     IMTN IMTN 09/29/2025 Vol. 26, No. 4 P890 09/29/2025 09/29/2025 Serial   2025-08-01
    Dewey Decimal Classification     IMTN IMTN 11/03/2025 Vol. 26, No. 5 P986 11/03/2025 11/03/2025 Serial    
    Dewey Decimal Classification     IMTN IMTN 05/11/2026 Vol. 27, No. 2 P1368 05/11/2026 05/11/2026 Serial   05/11/2026
Designed & Maintained by: LRC IMT Nagpur Contact: lrc@imtnag.ac.in© 2024. All Rights Reserved.